000 00508nam a2200193 4500
003 LK-CoMWRAF
005 20231207095115.0
008 231207b2011 |||||||| |||| 00| 0 eng d
020 _a9789559669487
040 _aLK-CoMWRAF
_dLK-CoMWRAF
_eLK-CoMWRAF
082 _a909.09
_bAZE
100 _aAzeez, A.M.A.
245 _a The West reappraised
250 _a2nd ed.
260 _aColombo:
_bDr. A.M.A. Azeez Foundation,
_c2011
300 _a144 p. : ill. ; 21 cm
650 _aEAST AND WEST
942 _cBK
999 _c4296
_d4296